How to Become a Successful Orator (Record no. 204682)
[ view plain ]
| 000 -LEADER | |
|---|---|
| fixed length control field | 00438nam a2200181Ia 4500 |
| 008 - FIXED-LENGTH DATA ELEMENTS--GENERAL INFORMATION | |
| fixed length control field | 240823s9999||||xx |||||||||||||| ||und|| |
| 020 ## - INTERNATIONAL STANDARD BOOK NUMBER | |
| International Standard Book Number | 978-81-7806-170-2 |
| 082 ## - DEWEY DECIMAL CLASSIFICATION NUMBER | |
| -- | 813.4 Q3 |
| 100 ## - MAIN ENTRY--PERSONAL NAME | |
| Personal name | Milind V Bhutlar |
| 245 #0 - TITLE STATEMENT | |
| Title | How to Become a Successful Orator |
| 260 ## - PUBLICATION, DISTRIBUTION, ETC. (IMPRINT) | |
| Date of publication, distribution, etc | 2013 |
| Name of publisher, distributor, etc | Unicorn |
| 500 ## - GENERAL NOTE | |
| General note | YES |
| 650 ## - SUBJECT ADDED ENTRY--TOPICAL TERM | |
| Topical term or geographic name as entry element | successful orator |
| 942 ## - ADDED ENTRY ELEMENTS (KOHA) | |
| Item type | Books |
| Withdrawn status | Lost status | Damaged status | Permanent location | Current location | Shelving location | Date acquired | Source of acquisition | Cost, normal purchase price | Full call number | Barcode | Date last seen | Koha item type |
|---|---|---|---|---|---|---|---|---|---|---|---|---|
| CENTRAL LIBRARY, NOORUL ISLAM CENTRE FOR HIGHER EDUCATION | CENTRAL LIBRARY, NOORUL ISLAM CENTRE FOR HIGHER EDUCATION | 05/16/2014 | Current Book House | 150.00 | 813.4 Q3 | 55475 | 08/23/2024 | Books |
